Les films avec Harrison Ford - Statistiques

Statistiques générales
  • Ce quiz a été pris 27 fois
  • Le résultat moyen est 6 sur 20
Statistiques - réponses
Hint Réponse % Correct
Le pilote du Faucon Millenium Star Wars
100%
Un aventurier phobique des serpents Indiana Jones
96%
Un brillant chirurgien accusé du meurtre de sa femme Le Fugitif
74%
Un ancien policier qui traque un groupe de replicants Blade Runner
61%
Le Président des Etats-Unis Air Force One
48%
Le colonel Lucas durant la guerre du Vietnam Apocalypse Now
35%
Un vieil homme qui voyage à travers les montagnes avec son chien Buck L'Appel de la forêt
35%
Un policier qui enquête sur un meurtre dont le seul témoin est un petit garçon amish Witness
35%
Bob Falfa, un nouveau venue en ville qui conduit une Chevrolet noire American Graffiti
22%
Un ancien agent de la CIA témoin d'une tentative de meurtre sur le cousin de la Reine d'Angleterre Jeux de guerre
17%
Un pilote d'avion qui s'écrase sur une île déserte en charmante compagnie Six jours, sept nuits
17%
Un policier américain d'origine irlandaise qui se lie d'amitié avec un membre de l'IRA Ennemis rapprochés
13%
Un employé d'une entreprise d'acquisition qui tombe amoureux d'une secrétaire ambitieuse Working girl
13%
Un scientifique qui soutient sa femme convaincue que son voisin est un meurtrier Apparences
9%
Un avocat victime d'amnésie rétrograde qui va devoir tout réapprendre A propos d'Henry
9%
Un homme accusé du meurtre d'une procureur qui se trouvait aussi être son amante Présumé innocent
9%
Un colonel formant une jeune recrue a se préparer à une guerre spatiale La Stratégie Ender
4%
Un homme qui enquête sur la vie de sa femme, disparue dans un crash aérien L'Ombre d'un soupçon
4%
Alexei Vostrikov, un commandant de sous-marins dans les années 60 K-19 : Le Piège des profondeurs
0%
Le PDG d'une grande entreprise de télécommunication Paranoia
0%
Aucun quiz correspondant
Distribution des résultats
% des personnes avec chaque résultat
Percentile par nombre de réponses
Votre historique - résultats
Vous n’avez pas pris ce quiz